Statistics for States With the Highest HIV/AIDS Incidence Rates

Click here to take the quiz!

General Stats

  • This quiz has been taken 36 times
  • The average score is 8 of 10

Answer Stats

RankIncidence Rate Per 100,000State% Correct
2nd28.3Georgia
94%
3rd27.9Florida
89%
1st29.2Louisiana
89%
5th20.6Mississippi
80%
8th18.6New York
80%
10th15.9North Carolina
80%
6th (Tie)20.1Texas
80%
9th16.9South Carolina
74%
4th26.7Maryland
69%
6th (Tie)20.1Nevada
60%

Score Distribution

Percentile by Number Answered

Percent of People with Each Score

Your Score History

You have not taken this quiz